| 000 | 00645nam a2200193Ia 4500 | ||
|---|---|---|---|
| 005 | 20250508152912.0 | ||
| 008 | 008 250505s9999 xx 000 0 eng d | ||
| 037 | _aBooks to be hide in OPAC | ||
| 040 |
_aFEDL _beng _cFEDL |
||
| 041 |
_aeng _2eng |
||
| 084 |
_a954, NAT _qFEDL |
||
| 100 |
_aNath Y V S _9152116 |
||
| 245 | 0 | _aBhils of ratanmal: An analysis of the social structure of a Western Indian community | |
| 260 |
_aBaroda, India _bMaharaja Sayajirao University of Baroda _c1960 |
||
| 300 | _ax,229p | ||
| 490 | _aThe M S University sociological monograph series | ||
| 942 |
_cHB _h954, NAT |
||
| 999 |
_c1339508 _d1339508 |
||